书目信息 |
| 题名: |
荷兰
|
|
| 作者: | 巴蒂斯塔 著 | |
| 分册: | ||
| 出版信息: | 北京 中国建筑工业出版社 2001.4 |
|
| 页数: | 320页 | |
| 开本: | 袖珍 | |
| 丛书名: | ||
| 单 册: | ||
| 中图分类: | TU-865.63 | |
| 科图分类: | ||
| 主题词: | 建筑风格 , 建筑艺术--流派 , 建筑艺术--作品--评价 | |
| 电子资源: | ||
| ISBN: | 7-112-04385-9 | |
| 000 | 00608nam0 2200217 45 | |
| 001 | 0257362551 | |
| 005 | 2002041515560255 | |
| 010 | @a7-112-04385-9@dRMB 16.00 | |
| 100 | @a20020415d2001 km y0chiy0120 ea | |
| 101 | 0 | @achi |
| 102 | @aCN@b110000 | |
| 200 | 1 | @a荷兰@Ahe lan@f(英)巴蒂斯塔等著@F(Ying)Ba Di Si Ta Deng Zhu |
| 210 | @a北京@c中国建筑工业出版社@d2001.4 | |
| 215 | @a320页@d袖珍 | |
| 606 | 0 | @a建筑风格 |
| 606 | 0 | @a建筑艺术@x流派 |
| 606 | 0 | @a建筑艺术@x作品@x评价 |
| 690 | @aTU-865.63@v3 | |
| 701 | 0 | @a巴蒂斯塔@ABa Di Si Ta@4著 |
| 801 | 0 | @aCN@bPFT@c20020415 |
| 905 | @a10447@dTU-865.63@eB026 | |
| 荷兰/(英)巴蒂斯塔等著.-北京:中国建筑工业出版社,2001.4 |
| 320页;袖珍 |
| ISBN 7-112-04385-9:RMB 16.00 |
| ● |
| 相关链接 |
|
|
|
正题名:荷兰
索取号:TU-865.63/B026
 
预约/预借
| 序号 | 登录号 | 条形码 | 馆藏地/架位号 | 状态 | 备注 |
| 1 | 355356 | 203553564 | 建筑库101/101建筑库 21排2列2层/ [索取号:TU-865.63/B026] | 在馆 | |
| 2 | 355357 | 203553573 | 建筑库101/101建筑库 21排2列2层/ [索取号:TU-865.63/B026] | 在馆 | |
| 3 | 355358 | 203553582 | 建筑库101/101建筑库 21排2列2层/ [索取号:TU-865.63/B026] | 在馆 |